[Event "10th Marlboro Classic"]
[Site "Manila PHI"]
[Date "1982.??.??"]
[Round "1"]
[White "Sveshnikov, Evgeny"]
[Black "Mascarinas, Rico"]
[Result "1/2-1/2"]
[WhiteElo "2495"]
[BlackElo "2410"]
[EventDate "1982.11.24"]
[PlyCount "87"]

1.e4 c5 2.c3 d5 3.exd5 Qxd5 4.d4 Nc6 5.dxc5 Qxc5 6.Na3 Qe5+ 7.Be3 Nf6 8.
Nf3 Qc7 9.Nb5 Qb8 10.Bc5 a6 11.Nbd4 Bd7 12.Be2 e5 13.Bxf8 Kxf8 14.Nxc6 
Bxc6 15.Qd2 Qc7 16.O-O h6 17.Rad1 Re8 18.Rfe1 g6 19.Qd6+ Qxd6 20.Rxd6 Ne4 
21.Rdd1 Kg7 22.Bc4 f5 23.Nd2 Nxd2 24.Rxd2 Rd8 25.Red1 Rxd2 26.Rxd2 Rc8 27.
Rd6 Rc7 28.Bd5 Bxd5 29.Rxd5 Re7 30.Rd6 g5 31.h3 h5 32.Kf1 h4 33.Ke2 e4 34.
Rb6 f4 35.c4 Rc7 36.c5 Kf7 37.b4 a5 38.a3 axb4 39.axb4 Re7 40.Rd6 Kg7 41.
Rb6 Kf7 42.Rd6 Kg7 43.Rb6 Kf7 44.Rd6 1/2-1/2

[Event "10th Marlboro Classic"]
[Site "Manila PHI"]
[Date "1982.??.??"]
[Round "1"]
[White "Lobron, Eric"]
[Black "Rodriguez, Ruben"]
[Result "1-0"]
[WhiteElo "2470"]
[BlackElo "2415"]
[EventDate "1982.11.24"]
[PlyCount "69"]

1.e4 c5 2.Nf3 e6 3.d4 cxd4 4.Nxd4 Nf6 5.Nc3 d6 6.Be2 Be7 7.O-O O-O 8.a4 a6
9.f4 Qc7 10.Kh1 Nc6 11.Be3 Re8 12.Bd3 Bd8 13.Qf3 Bd7 14.Rae1 Nb4 15.g4 e5 
16.Nf5 d5 17.fxe5 dxe4 18.Nxe4 Nxd3 19.cxd3 Bxf5 20.gxf5 Nxe4 21.dxe4 Qxe5
22.Bf4 Qxb2 23.e5 Ba5 24.Re2 Qc3 25.Qxb7 Qc4 26.Qg2 Rad8 27.Bh6 g6 28.e6 
Bc3 29.fxg6 fxg6 30.e7 Rc8 31.Rf8+ Rxf8 32.exf8=Q+ Rxf8 33.Bxf8 Bd4 34.Bh6
Qb3 35.Qa8+ 1-0

[Event "10th Marlboro Classic"]
[Site "Manila PHI"]
[Date "1982.??.??"]
[Round "1"]
[White "Dolmatov, Sergei"]
[Black "Balinas, Rosendo Carrean"]
[Result "1-0"]
[WhiteElo "2555"]
[BlackElo "2365"]
[EventDate "1982.11.24"]
[PlyCount "79"]

1.e4 c5 2.Nf3 d6 3.d4 cxd4 4.Nxd4 Nf6 5.Nc3 a6 6.f4 Nbd7 7.Be2 g6 8.a4 Bg7
9.Bf3 O-O 10.Nb3 Ne8 11.O-O Bxc3 12.bxc3 Qc7 13.Qe1 Ng7 14.a5 Nf6 15.e5 
dxe5 16.Qxe5 Qxe5 17.fxe5 Nd7 18.Re1 Re8 19.Ra4 Rb8 20.c4 Ne6 21.Rb4 Nd8 
22.Nd4 Ra8 23.Bd5 Nb8 24.Rf1 Kg7 25.Bb2 Nbc6 26.Nxc6 bxc6 27.Bxf7 Nxf7 28.
e6+ Ne5 29.Bxe5+ Kg8 30.Rf7 Bxe6 31.Rg7+ Kf8 32.Rb3 Bf5 33.Rf3 h5 34.Rxg6 
e6 35.Rg5 h4 36.g3 hxg3 37.hxg3 Ke7 38.Rg7+ Kd8 39.g4 Be4 40.Rf4 1-0

[Event "10th Marlboro Classic"]
[Site "Manila PHI"]
[Date "1982.??.??"]
[Round "2"]
[White "Balinas, Rosendo Carrean"]
[Black "Torre, Eugenio"]
[Result "0-1"]
[WhiteElo "2365"]
[BlackElo "2535"]
[EventDate "1982.11.24"]
[PlyCount "69"]

1.e4 e5 2.Nf3 Nc6 3.Bb5 a6 4.Ba4 Nf6 5.d3 d6 6.c3 Be7 7.O-O O-O 8.Qe2 Nd7 
9.Bxc6 bxc6 10.Nbd2 Nb6 11.d4 exd4 12.Nxd4 Bd7 13.Qf3 g6 14.b4 a5 15.N2b3 
axb4 16.Bh6 c5 17.Bxf8 Bxf8 18.Ne2 Bg7 19.Rfc1 Na4 20.Rc2 Nxc3 21.Nxc3 
Bxc3 22.Rd1 Qc8 23.h3 c4 24.Rxc3 bxc3 25.Nc1 Ra3 26.Rd4 Be6 27.Qf6 Ra8 28.
f4 Qd8 29.Qxd8+ Rxd8 30.Ne2 c2 31.Rd2 f5 32.e5 d5 33.Rxc2 d4 34.Kf2 c3 35.
Nc1 0-1

[Event "10th Marlboro Classic"]
[Site "Manila PHI"]
[Date "1982.??.??"]
[Round "2"]
[White "Mascarinas, Rico"]
[Black "Rodriguez, Ruben"]
[Result "0-1"]
[WhiteElo "2410"]
[BlackElo "2415"]
[EventDate "1982.11.24"]
[PlyCount "132"]

1.d4 Nf6 2.Nf3 e6 3.c4 c5 4.e3 cxd4 5.exd4 d5 6.Nc3 Bb4 7.a3 Bxc3+ 8.bxc3 
dxc4 9.Bxc4 Qc7 10.Qd3 Nbd7 11.O-O O-O 12.Re1 b6 13.Ne5 Nxe5 14.Rxe5 Bb7 
15.Bb3 Rac8 16.Bd2 Rfd8 17.Rae1 Bd5 18.Bc2 g6 19.Qh3 Nd7 20.R5e3 Qc4 21.
Bb1 Rf8 22.Be4 Nf6 23.Bxd5 Nxd5 24.Rf3 f5 25.Qg3 Nf6 26.Qe5 Rce8 27.h3 Qd5
28.Bh6 Rf7 29.Qxd5 exd5 30.Rxe8+ Nxe8 31.Re3 Nc7 32.Kf1 Rd7 33.Bf4 Kf7 34.
Ke2 Nb5 35.a4 Na3 36.Kd3 Nc4 37.Re2 Re7 38.Be5 g5 39.g3 Re6 40.f3 a5 41.h4
gxh4 42.gxh4 h5 43.Kc2 b5 44.axb5 a4 45.Kb1 Rb6 46.Ka2 Rxb5 47.Bf4 Rb6 48.
Rg2 Rg6 49.Re2 Rg8 50.Bh2 Re8 51.Be5 Re6 52.Rf2 Rb6 53.Re2 Rb3 54.Rc2 Na3 
55.Rc1 Nb5 56.c4 Nc3+ 57.Ka1 a3 58.cxd5 a2 59.Rxc3 Rxc3 60.Kxa2 Rxf3 61.
Kb2 Rh3 62.Kc2 Rxh4 63.Kd3 Re4 64.Bh2 h4 65.Bc7 h3 66.Bb8 Rg4 0-1

[Event "10th Marlboro Classic"]
[Site "Manila PHI"]
[Date "1982.??.??"]
[Round "3"]
[White "Dolmatov, Sergei"]
[Black "De Guzman, Ricardo"]
[Result "1/2-1/2"]
[WhiteElo "2555"]
[BlackElo "2320"]
[EventDate "1982.11.24"]
[PlyCount "80"]

1.e4 d6 2.d4 Nf6 3.Bd3 g6 4.c3 Bg7 5.Nf3 O-O 6.O-O c6 7.Re1 Nbd7 8.a4 a5 
9.Bg5 e5 10.Nbd2 Qc7 11.h3 Re8 12.Qb3 Nf8 13.dxe5 dxe5 14.Bc4 Be6 15.Be3 
N8d7 16.Rad1 h6 17.Bxe6 Rxe6 18.Nc4 Bf8 19.Bb6 Nxb6 20.Qxb6 Qe7 21.Rd3 Kg7
22.Qe3 Qc7 23.Qb6 Qe7 24.Nh2 Ra6 25.Qb3 Qc5 26.Ng4 Nxg4 27.hxg4 b5 28.Ne3 
bxa4 29.Qxa4 Rb6 30.Re2 Rb7 31.Nc4 Ra7 32.Red2 Rf6 33.Ne3 Qb6 34.Nc4 Qc5 
35.g3 Be7 36.Kg2 Bf8 37.Qb3 a4 38.Qa2 Qb5 39.Rd7 Rxd7 40.Rxd7 Bc5 1/2-1/2

[Event "10th Marlboro Classic"]
[Site "Manila PHI"]
[Date "1982.??.??"]
[Round "3"]
[White "Lobron, Eric"]
[Black "Balinas, Rosendo Carrean"]
[Result "1-0"]
[WhiteElo "2470"]
[BlackElo "2365"]
[EventDate "1982.11.24"]
[PlyCount "83"]

1.e4 b6 2.d4 Bb7 3.Bd3 Nf6 4.Qe2 c5 5.d5 e5 6.f4 d6 7.Nc3 a6 8.a4 exf4 9.
Bxf4 Nbd7 10.Nf3 Be7 11.O-O O-O 12.Nd2 Re8 13.Nc4 Nf8 14.Qf3 Ng6 15.Bg3 
Bf8 16.h3 Ra7 17.Rf2 Ba8 18.Raf1 Qb8 19.Ne3 Ne5 20.Qe2 Qc8 21.Bxe5 Rxe5 
22.Nc4 Rg5 23.Qe3 h6 24.Nxb6 Qd8 25.a5 Nh5 26.g4 Nf6 27.Ne2 Nh7 28.Kh1 h5 
29.gxh5 Rxh5 30.Nf4 Rh4 31.Qg3 g5 32.Ng2 Rh6 33.Ne3 Kh8 34.Rxf7 Rxf7 35.
Rxf7 Bg7 36.Ng4 Rh4 37.Ra7 Bxd5 38.exd5 Nf8 39.Ne3 Qe8 40.Rxg7 Qh5 41.Kg2 
Kxg7 42.Nf5+ 1-0

[Event "10th Marlboro Classic"]
[Site "Manila PHI"]
[Date "1982.??.??"]
[Round "4"]
[White "Balinas, Rosendo Carrean"]
[Black "Mascarinas, Rico"]
[Result "0-1"]
[WhiteElo "2365"]
[BlackElo "2410"]
[EventDate "1982.11.24"]
[PlyCount "59"]

1.e4 c5 2.Nf3 Nc6 3.c3 d5 4.exd5 Qxd5 5.d4 cxd4 6.cxd4 e6 7.Nc3 Bb4 8.Bd3 
Qa5 9.O-O Nf6 10.Bg5 Be7 11.Qd2 O-O 12.Rfe1 Rd8 13.Rad1 Nxd4 14.Nxd4 Rxd4 
15.Qe3 Rd7 16.b4 Bxb4 17.Bxf6 gxf6 18.Ne4 Be7 19.Qg3+ Kh8 20.Qh4 Rxd3 21.
Nxf6 Qf5 22.g4 Qg6 23.Rxd3 Qxd3 24.g5 Bxf6 25.gxf6 Qg6+ 26.Kf1 Bd7 27.Re5 
Qb1+ 28.Kg2 Rg8+ 29.Rg5 Bc6+ 30.f3 0-1

[Event "10th Marlboro Classic"]
[Site "Manila PHI"]
[Date "1982.??.??"]
[Round "4"]
[White "Dolmatov, Sergei"]
[Black "Sveshnikov, Evgeny"]
[Result "1/2-1/2"]
[WhiteElo "2555"]
[BlackElo "2495"]
[EventDate "1982.11.24"]
[PlyCount "42"]

1.d4 d5 2.c4 e6 3.Nf3 Nf6 4.Bg5 Nbd7 5.Qa4 dxc4 6.Qxc4 a6 7.Nbd2 c5 8.dxc5
Bxc5 9.b4 b5 10.Qb3 Be7 11.e4 Bb7 12.Bd3 h6 13.Be3 Ng4 14.Bd4 Nde5 15.Bc2 
Bf6 16.Rd1 Nxf3+ 17.Nxf3 Bxd4 18.Rxd4 Qc7 19.O-O O-O 20.h3 Rac8 21.Bb1 e5 
1/2-1/2

[Event "10th Marlboro Classic"]
[Site "Manila PHI"]
[Date "1982.??.??"]
[Round "4"]
[White "De Guzman, Ricardo"]
[Black "Torre, Eugenio"]
[Result "0-1"]
[WhiteElo "2320"]
[BlackElo "2535"]
[EventDate "1982.11.24"]
[PlyCount "84"]

1.c4 g6 2.Nc3 Bg7 3.Nf3 Nf6 4.g3 O-O 5.Bg2 d6 6.O-O Nc6 7.d3 a6 8.Bd2 Rb8 
9.Qc1 Bf5 10.Bh6 Qd7 11.Nd5 Ng4 12.Bxg7 Kxg7 13.e4 Be6 14.d4 Nd8 15.Nf4 
Nf6 16.e5 dxe5 17.dxe5 Ng8 18.Rd1 Qc8 19.Ng5 Bg4 20.f3 Bf5 21.g4 h6 22.
Ngh3 Be6 23.c5 Bd7 24.Qd2 Bc6 25.Qc3 e6 26.Ne2 Ne7 27.Nd4 Bd5 28.f4 Bxg2 
29.Kxg2 Ndc6 30.Qg3 Rd8 31.Nf3 Nb4 32.Nh4 b6 33.c6 Nbxc6 34.Ng1 Nd4 35.
Ngf3 Qb7 36.Kf2 Qe4 37.Re1 Qc2+ 38.Kf1 Qd3+ 39.Kg2 Nc2 40.f5 exf5 41.e6 
Qd6 42.Re5 fxg4 0-1

[Event "10th Marlboro Classic"]
[Site "Manila PHI"]
[Date "1982.??.??"]
[Round "4"]
[White "Polugaevsky, Lev"]
[Black "Lobron, Eric"]
[Result "0-1"]
[WhiteElo "2610"]
[BlackElo "2470"]
[EventDate "1982.11.24"]
[PlyCount "70"]

1.d4 Nf6 2.c4 e6 3.Nf3 c5 4.d5 exd5 5.cxd5 d6 6.Nc3 g6 7.Nd2 Nbd7 8.e4 Bg7
9.Be2 O-O 10.O-O Re8 11.Qc2 Ne5 12.b3 a6 13.Bb2 b5 14.a4 b4 15.Nd1 g5 16.
Ne3 Ra7 17.Rae1 Rae7 18.f3 Nh5 19.Ndc4 Ng6 20.Bxg7 Nxg7 21.Bd3 f6 22.a5 
Nf4 23.Qd2 f5 24.Bb1 fxe4 25.Bxe4 h5 26.Nb6 Bd7 27.Nec4 Bf5 28.g3 Nh3+ 29.
Kg2 g4 30.Bxf5 Nxf5 31.fxg4 hxg4 32.Qd1 Rxe1 33.Rxe1 Rxe1 34.Qxe1 Qf6 35.
Nd7 Nh4+ 0-1

[Event "10th Marlboro Classic"]
[Site "Manila PHI"]
[Date "1982.??.??"]
[Round "5"]
[White "Polugaevsky, Lev"]
[Black "Mascarinas, Rico"]
[Result "1-0"]
[WhiteElo "2610"]
[BlackElo "2410"]
[EventDate "1982.11.24"]
[PlyCount "41"]

1.d4 Nf6 2.c4 e6 3.Nf3 d5 4.Nc3 c5 5.cxd5 cxd4 6.Qxd4 exd5 7.e4 Nc6 8.Bb5 
Bd7 9.Bxc6 Bxc6 10.exd5 Nxd5 11.O-O Nf6 12.Re1+ Be7 13.Qe5 Bxf3 14.gxf3 
Kf8 15.Bf4 Nd7 16.Qd5 Nb6 17.Qxb7 Bb4 18.Rad1 Qc8 19.Qe4 Bxc3 20.bxc3 h6 
21.a4 1-0

[Event "10th Marlboro Classic"]
[Site "Manila PHI"]
[Date "1982.??.??"]
[Round "5"]
[White "De Guzman, Ricardo"]
[Black "Lobron, Eric"]
[Result "0-1"]
[WhiteElo "2320"]
[BlackElo "2470"]
[EventDate "1982.11.24"]
[PlyCount "92"]

1.e4 c6 2.d4 d5 3.exd5 cxd5 4.c3 Nc6 5.Bd3 g6 6.Nf3 Nh6 7.O-O Bf5 8.Bxh6 
Bxd3 9.Qxd3 Bxh6 10.Nbd2 Qd6 11.Rfe1 O-O 12.Ne5 Bg7 13.Nxc6 bxc6 14.Qg3 
Qxg3 15.hxg3 e6 16.Nb3 Rfb8 17.Re2 Bf8 18.Nc1 c5 19.dxc5 Bxc5 20.Nd3 Bd6 
21.f4 h5 22.Ne5 Rb6 23.Rd1 Rab8 24.Rdd2 Bxe5 25.fxe5 Ra6 26.a3 Ra4 27.Kf2 
Kg7 28.Ke1 Rg4 29.Rd3 Rb3 30.Kd1 a5 31.Kc2 a4 32.Rf3 g5 33.Rd3 Kg6 34.Red2
Rb7 35.Rd4 Kf5 36.Rxg4 Kxg4 37.Rd3 Rc7 38.b3 Kf5 39.Rd4 axb3+ 40.Kxb3 Kxe5
41.a4 Rb7+ 42.Rb4 Rxb4+ 43.cxb4 Kd6 44.a5 Kc6 45.a6 Kb6 46.b5 f5 0-1

[Event "10th Marlboro Classic"]
[Site "Manila PHI"]
[Date "1982.??.??"]
[Round "5"]
[White "Torre, Eugenio"]
[Black "Dolmatov, Sergei"]
[Result "0-1"]
[WhiteElo "2535"]
[BlackElo "2555"]
[EventDate "1982.11.24"]
[PlyCount "68"]

1.d4 Nf6 2.Nf3 e6 3.c4 c5 4.d5 exd5 5.cxd5 d6 6.Nc3 g6 7.e4 Bg7 8.Bf4 a6 
9.a4 O-O 10.Be2 Bg4 11.O-O Bxf3 12.Bxf3 Qe7 13.Qd2 Nbd7 14.Rae1 c4 15.Bd1 
Rab8 16.Bc2 b5 17.axb5 axb5 18.Bh6 Bxh6 19.Qxh6 b4 20.Nd1 Qd8 21.Ne3 Qc7 
22.f4 Qc5 23.Kh1 Rfe8 24.e5 dxe5 25.f5 e4 26.Ba4 Rb6 27.Re2 c3 28.bxc3 
bxc3 29.Ref2 Rb2 30.fxg6 fxg6 31.Rxf6 Nxf6 32.Rxf6 Rb1+ 33.Nf1 Qd6 34.Rf2 
Rf8 0-1

[Event "10th Marlboro Classic"]
[Site "Manila PHI"]
[Date "1982.??.??"]
[Round "5"]
[White "Rodriguez, Ruben"]
[Black "Balinas, Rosendo Carrean"]
[Result "1/2-1/2"]
[WhiteElo "2415"]
[BlackElo "2365"]
[EventDate "1982.11.24"]
[PlyCount "101"]

1.Nf3 c5 2.c4 Nc6 3.Nc3 g6 4.e3 d6 5.d4 cxd4 6.exd4 Bg4 7.Be2 Bg7 8.Be3 
Nh6 9.d5 Bxf3 10.Bxf3 Ne5 11.Qa4+ Qd7 12.Qxd7+ Kxd7 13.Be2 Nf5 14.Kd2 Nxe3
15.fxe3 Rhc8 16.b3 e6 17.Rac1 Ke7 18.Rhf1 a6 19.Rf4 Rc7 20.Rcf1 g5 21.R4f2
h6 22.Bh5 b5 23.Ne2 bxc4 24.Nd4 c3+ 25.Kc2 Raa7 26.Rxf7+ Nxf7 27.Rxf7+ Kd8
28.Nc6+ Rxc6 29.Rxa7 Rc7 30.Ra8+ Rc8 31.Rxa6 exd5 32.Rxd6+ Ke7 33.Rxd5 Rf8
34.Bf3 g4 35.Bxg4 Rf2+ 36.Kc1 Rxg2 37.Rd7+ Kf8 38.Bf5 Rxa2 39.h3 Rf2 40.
Bd3 Rf3 41.Bc4 Bf6 42.Rc7 Bg5 43.Kc2 Rxe3 44.Rd7 Rxh3 45.Rd3 Rxd3 46.Bxd3 
Bf6 47.Kd1 Be7 48.Ke2 Bc5 49.b4 Bxb4 50.Kf3 Ke7 51.Kg2 1/2-1/2

[Event "10th Marlboro Classic"]
[Site "Manila PHI"]
[Date "1982.??.??"]
[Round "6"]
[White "Polugaevsky, Lev"]
[Black "Rodriguez, Ruben"]
[Result "1-0"]
[WhiteElo "2610"]
[BlackElo "2415"]
[EventDate "1982.11.24"]
[PlyCount "85"]

1.d4 Nf6 2.c4 c5 3.d5 g6 4.Nc3 Bg7 5.e4 d6 6.Nf3 O-O 7.h3 e6 8.Bd3 exd5 9.
exd5 Re8+ 10.Be3 Bh6 11.O-O Bxe3 12.fxe3 Nbd7 13.Qd2 Ne5 14.Nxe5 Rxe5 15.
Rf2 Nh5 16.g4 Ng7 17.e4 Bd7 18.Raf1 Qh4 19.Rxf7 Qxh3 20.Qf4 Qxg4+ 21.Qxg4 
Bxg4 22.Nb5 Rg5 23.Kh2 Rh5+ 24.Kg3 Rg5 25.Kh4 h6 26.Nxd6 Bh5 27.Kh3 Bg4+ 
28.Kh2 Rh5+ 29.Kg3 Rg5 30.Kh4 Bh5 31.Rxb7 Rg2 32.Rff7 g5+ 33.Kh3 Bxf7 34.
Kxg2 Bg6 35.Be2 Ne8 36.e5 Nxd6 37.exd6 Rd8 38.b4 cxb4 39.c5 a5 40.d7 Rf8 
41.Bg4 Be4+ 42.Kg1 Bxd5 43.Rc7 1-0

[Event "10th Marlboro Classic"]
[Site "Manila PHI"]
[Date "1982.??.??"]
[Round "6"]
[White "Maninang, Jesus Rafael"]
[Black "Balinas, Rosendo Carrean"]
[Result "1/2-1/2"]
[WhiteElo "2380"]
[BlackElo "2365"]
[EventDate "1982.11.24"]
[PlyCount "113"]

1.c4 e5 2.Nc3 Nf6 3.Nf3 Nc6 4.g3 Bb4 5.Bg2 O-O 6.O-O Re8 7.Nd5 Bc5 8.d3 
Nxd5 9.cxd5 Nb4 10.Nxe5 Qe7 11.d4 Bxd4 12.Qxd4 Nc2 13.Qc3 Nxa1 14.Nd3 Qf6 
15.Bd2 Qxc3 16.Bxc3 Nc2 17.Rc1 Na3 18.bxa3 Rxe2 19.Bf1 Rxa2 20.Bb2 d6 21.
Rxc7 Bf5 22.Rxb7 Rc8 23.f3 h5 24.Kf2 Rc2+ 25.Ke3 Rxh2 26.Nf2 g5 27.Bc4 
Rxb2 28.Rxb2 Rg2 29.Rb8+ Kg7 30.Bd3 Bxd3 31.Nxd3 Rxg3 32.Kf2 Rh3 33.Ra8 g4
34.Ne1 Rh2+ 35.Kg3 Rh1 36.Kf2 g3+ 37.Kxg3 Rxe1 38.Rxa7 Rd1 39.Ra5 Kf6 40.
Kf4 Rd4+ 41.Ke3 Ke5 42.Ra7 Rxd5 43.Rxf7 Ra5 44.f4+ Ke6 45.Rh7 Rxa3+ 46.Kd4
Ra4+ 47.Ke3 Ra3+ 48.Kd4 Rh3 49.Rh6+ Kf5 50.Rxd6 h4 51.Rd8 Kxf4 52.Rf8+ Kg4
53.Ke4 Rg3 54.Rg8+ Kh3 55.Rh8 Rg7 56.Kf3 Rf7+ 57.Ke2 1/2-1/2

[Event "10th Marlboro Classic"]
[Site "Manila PHI"]
[Date "1982.??.??"]
[Round "7"]
[White "Mascarinas, Rico"]
[Black "Dolmatov, Sergei"]
[Result "1/2-1/2"]
[WhiteElo "2410"]
[BlackElo "2555"]
[EventDate "1982.11.24"]
[PlyCount "61"]

1.c4 f5 2.Nc3 Nf6 3.g3 g6 4.Bg2 Bg7 5.d4 O-O 6.Nf3 d6 7.O-O Qe8 8.Re1 e5 
9.dxe5 dxe5 10.e4 fxe4 11.Nxe4 Nc6 12.Nxf6+ Rxf6 13.Qd5+ Be6 14.Qe4 Kh8 
15.Qh4 Bg8 16.Bh6 Qe6 17.Bxg7+ Kxg7 18.b3 Qf5 19.Qe4 Raf8 20.Qxf5 Rxf5 21.
Re3 e4 22.Ne1 Rxf2 23.Rxe4 a5 24.Nd3 Rd2 25.Nf4 g5 26.Re2 Rfd8 27.Ne6+ 
Bxe6 28.Rxe6 R8d6 29.Re8 Rd1+ 30.Rxd1 Rxd1+ 31.Kf2 1/2-1/2

[Event "10th Marlboro Classic"]
[Site "Manila PHI"]
[Date "1982.??.??"]
[Round "7"]
[White "Maninang, Jesus Rafael"]
[Black "Polugaevsky, Lev"]
[Result "0-1"]
[WhiteElo "2380"]
[BlackElo "2610"]
[EventDate "1982.11.24"]
[PlyCount "88"]

1.c4 Nf6 2.Nf3 e6 3.d4 b6 4.g3 Bb7 5.Bg2 Bb4+ 6.Bd2 Be7 7.Nc3 O-O 8.O-O 
Na6 9.Rc1 c5 10.d5 exd5 11.Ne1 Nc7 12.Bf4 d6 13.a4 Re8 14.cxd5 Nh5 15.Bd2 
Nf6 16.Bf4 Bf8 17.Nc2 Nd7 18.Na3 Ne5 19.b3 Ba6 20.h3 Qd7 21.Bd2 f5 22.f4 
Nf7 23.Re1 g6 24.e4 Bg7 25.Nc4 Bb7 26.exf5 Rxe1+ 27.Bxe1 Qxf5 28.Ne3 Qf6 
29.Bf2 Re8 30.Ng4 Qd8 31.Qd2 Nh6 32.Nxh6+ Bxh6 33.Nb5 Nxb5 34.axb5 a5 35.
bxa6 Bxa6 36.Ra1 Qc8 37.Bf3 Bb5 38.h4 Bd7 39.Ra7 Bg7 40.h5 Bg4 41.Qd1 gxh5
42.Qd3 Bxf3 43.Qxf3 Qf5 44.Rb7 Bd4 0-1

[Event "10th Marlboro Classic"]
[Site "Manila PHI"]
[Date "1982.??.??"]
[Round "7"]
[White "Rodriguez, Ruben"]
[Black "De Guzman, Ricardo"]
[Result "1-0"]
[WhiteElo "2415"]
[BlackElo "2320"]
[EventDate "1982.11.24"]
[PlyCount "101"]

1.Nf3 Nf6 2.g3 d5 3.Bg2 Bg4 4.c4 e6 5.O-O c6 6.b3 Nbd7 7.Bb2 Bd6 8.d3 Qe7 
9.a3 a5 10.h3 Bh5 11.cxd5 exd5 12.Nd4 Bg6 13.Nd2 Nc5 14.N2f3 O-O 15.Nh4 
Be5 16.Qc2 Bxd4 17.Bxd4 Nfd7 18.Rae1 f5 19.e3 Ne6 20.Bb2 Qc5 21.Qd1 Rad8 
22.Qd2 Nf6 23.Nf3 Nd7 24.Rb1 Bh5 25.Rfc1 Qa7 26.Nd4 Rde8 27.Nxe6 Rxe6 28.
Bd4 Qa6 29.b4 axb4 30.axb4 Qb5 31.Qc3 Nf6 32.Ra1 b6 33.Ra7 Be2 34.Ra3 Rf7 
35.Rc2 Bh5 36.Ra8+ Rf8 37.Ra7 Rf7 38.Rca2 Rxa7 39.Rxa7 Be2 40.Ra8+ Kf7 41.
Bxf6 Rxf6 42.Qe5 Kg6 43.Qe8+ Kh6 44.Qe7 Bh5 45.Ra7 Bf7 46.Qf8 Kg6 47.h4 h5
48.Bf3 f4 49.Bxh5+ Kxh5 50.Qxg7 Rg6 51.Qe5+ 1-0

[Event "10th Marlboro Classic"]
[Site "Manila PHI"]
[Date "1982.??.??"]
[Round "8"]
[White "Maninang, Jesus Rafael"]
[Black "De Guzman, Ricardo"]
[Result "1/2-1/2"]
[WhiteElo "2380"]
[BlackElo "2320"]
[EventDate "1982.11.24"]
[PlyCount "60"]

1.c4 Nf6 2.Nf3 e6 3.g3 b6 4.Bg2 Bb7 5.O-O Be7 6.Nc3 O-O 7.d4 d5 8.cxd5 
Nxd5 9.Nxd5 Bxd5 10.Qc2 Nc6 11.e4 Nb4 12.Qb1 Bc4 13.Rd1 Be2 14.Rd2 Bxf3 
15.Bxf3 Bg5 16.Rd1 Bxc1 17.Qxc1 Qf6 18.Qc3 Rad8 19.Kg2 c5 20.a3 Na6 21.Qc4
Nb8 22.e5 Qe7 23.dxc5 bxc5 24.Qb5 Qc7 25.Rxd8 Rxd8 26.Rc1 Nd7 27.b4 Qb6 
28.Bc6 Nxe5 29.Rxc5 Nxc6 30.Qxb6 axb6 1/2-1/2

[Event "10th Marlboro Classic"]
[Site "Manila PHI"]
[Date "1982.??.??"]
[Round "8"]
[White "Rodriguez, Ruben"]
[Black "Dolmatov, Sergei"]
[Result "0-1"]
[WhiteElo "2415"]
[BlackElo "2555"]
[EventDate "1982.11.24"]
[PlyCount "128"]

1.c4 e6 2.Nf3 Nf6 3.b3 d5 4.Bb2 c5 5.e3 Be7 6.g3 O-O 7.Bg2 a6 8.O-O b5 9.
Nc3 Bb7 10.d3 b4 11.Ne2 dxc4 12.bxc4 Nc6 13.Nf4 Qc7 14.Qe2 Rfd8 15.Rfd1 a5
16.Rac1 a4 17.h4 a3 18.Ba1 Na5 19.Rb1 Bc6 20.Rdc1 Nd7 21.Ng5 Bxg2 22.Qh5 
Bxg5 23.Qxg5 f6 24.Qg4 Nf8 25.Kxg2 Qe7 26.d4 Rab8 27.Qe2 Rdc8 28.Rc2 Nd7 
29.Qd3 Qd6 30.Kh2 Qa6 31.d5 e5 32.Ne6 Nf8 33.Nxf8 Rxf8 34.e4 Qd6 35.Qe3 
Rf7 36.f4 Rfb7 37.fxe5 fxe5 38.Qg5 Re8 39.Rf1 Rbe7 40.Rf3 Qg6 41.Qe3 Nb7 
42.Rc1 h6 43.Rcf1 Qg4 44.Qf2 Qc8 45.Rf7 Nd6 46.Rxe7 Rxe7 47.Qe2 Qe8 48.h5 
Rf7 49.Rxf7 Nxf7 50.Qe3 Qe7 51.Kg2 Kf8 52.Qf2 Ke8 53.Qf5 Kd8 54.Kf2 Qf6 
55.Qxf6+ gxf6 56.Ke3 Nd6 57.Kd3 Ke7 58.g4 Ke8 59.Kc2 Nxc4 60.Kb3 Nb6 61.d6
Kf7 62.d7 Nxd7 63.Kc4 Ke6 64.Kb5 Kd6 0-1

[Event "10th Marlboro Classic"]
[Site "Manila PHI"]
[Date "1982.??.??"]
[Round "9"]
[White "Maninang, Jesus Rafael"]
[Black "Dolmatov, Sergei"]
[Result "1/2-1/2"]
[WhiteElo "2380"]
[BlackElo "2555"]
[EventDate "1982.11.24"]
[PlyCount "113"]

1.c4 c5 2.Nf3 e6 3.d4 Nf6 4.g3 cxd4 5.Nxd4 Qc7 6.Nc3 a6 7.e4 b6 8.a3 Bb7 
9.Qe2 d6 10.Bg2 Nbd7 11.Bd2 Rc8 12.b3 g6 13.O-O Bg7 14.Rab1 O-O 15.Rfd1 
Rfe8 16.Be3 Qb8 17.a4 Nc5 18.Bg5 Qa8 19.f3 h6 20.Be3 Kh7 21.Qf2 Qb8 22.
Nde2 Qc7 23.Rd2 Red8 24.Bd4 Ne8 25.Bxg7 Nxg7 26.Qd4 Bc6 27.Qe3 Be8 28.Nd4 
Nh5 29.f4 Nf6 30.h3 e5 31.Nde2 Bc6 32.fxe5 dxe5 33.Rxd8 Rxd8 34.Rf1 Qe7 
35.Nd5 Bxd5 36.cxd5 Ne8 37.Nc3 a5 38.Nb5 Nd6 39.Nxd6 Rxd6 40.Qc3 Kg7 41.
Kh2 Rd8 42.Qc4 Qd6 43.b4 axb4 44.Qxb4 Ra8 45.Ra1 Ra5 46.h4 Nb7 47.Qb2 Qc7 
48.Rd1 f6 49.Rc1 Nc5 50.Qb4 Qd6 51.Ra1 Nb7 52.Qb2 Qd8 53.Qb4 Qd6 54.Qb2 
Qc7 55.Rc1 Nc5 56.Qb4 Qb8 57.Rb1 1/2-1/2

[Event "10th Marlboro Classic"]
[Site "Manila PHI"]
[Date "1982.??.??"]
[Round "9"]
[White "Rodriguez, Ruben"]
[Black "Torre, Eugenio"]
[Result "1/2-1/2"]
[WhiteElo "2415"]
[BlackElo "2535"]
[EventDate "1982.11.24"]
[PlyCount "101"]

1.e4 e5 2.Nf3 Nc6 3.Bb5 a6 4.Ba4 Nf6 5.O-O Be7 6.Re1 b5 7.Bb3 d6 8.c3 O-O 
9.h3 Na5 10.Bc2 c5 11.d4 Qc7 12.Nbd2 cxd4 13.cxd4 Nc6 14.Nb3 a5 15.Be3 a4 
16.Nbd2 Bd7 17.a3 Rfe8 18.Bd3 Na5 19.Qe2 Qb8 20.Rac1 Bd8 21.Qf1 h6 22.Rc2 
b4 23.axb4 Nc6 24.dxe5 dxe5 25.Rc5 Nxb4 26.Bb5 Bb6 27.Bxd7 Nxd7 28.Rc4 Qd6
29.Bxb6 Nxb6 30.Rc3 Ra5 31.Nc4 Nxc4 32.Rd1 Qe6 33.Qxc4 Qxc4 34.Rxc4 Rb8 
35.Ra1 Nd3 36.Rcxa4 Rxa4 37.Rxa4 Rxb2 38.Ra8+ Kh7 39.Rd8 Rb1+ 40.Kh2 Nxf2 
41.Nxe5 Rh1+ 42.Kg3 Nxe4+ 43.Kf3 f5 44.Kf4 Rf1+ 45.Nf3 Kg6 46.Rd5 Ng5 47.
Rd6+ Kf7 48.Kxf5 Nxf3 49.gxf3 Rxf3+ 50.Kg4 Re3 51.Rd7+ 1/2-1/2

[Event "10th Marlboro Classic"]
[Site "Manila PHI"]
[Date "1982.??.??"]
[Round "9"]
[White "Polugaevsky, Lev"]
[Black "Sveshnikov, Evgeny"]
[Result "1/2-1/2"]
[WhiteElo "2610"]
[BlackElo "2495"]
[EventDate "1982.11.24"]
[PlyCount "22"]

1.d4 d5 2.c4 e6 3.Nf3 Nf6 4.Nc3 c6 5.Bg5 h6 6.Bxf6 Qxf6 7.Qb3 a5 8.e4 dxe4
9.Nxe4 Bb4+ 10.Qxb4 axb4 11.Nxf6+ gxf6 1/2-1/2